Mrzne ; Vločky

Bibliographic Details
Main Author: Kotrha, Ľubomír, 1950- (Author)
Format: Article
Language:Slovak
PhysicalDescription:Ilustr.
Subjects:

MARC

LEADER 00000nab a2200000 a 4500
001 vtls000659240
003 SK-MaSNL
005 20260304010557.0
008 160314c xo 0 slo
015 |a SNBRA1998/04-11388 
035 |a CLN000011432 
040 |a SNKBUCL  |b slo  |c SNKBUCL  |e AACR2 
041 0 |a slo 
044 |a xo  |c SK 
080 |a 885.4-1(087.5)  |2 UDC-MRF-SK2 
100 1 |a Kotrha, Ľubomír,  |d 1950-  |4 aut  |9 200414 
245 1 0 |a Mrzne ; Vločky  |c Ľubomír Kotrha 
300 |b Ilustr. 
650 0 7 |a rečňovanky, slovenské  |2 snkbucl  |9 304166 
773 0 |t Superohník  |g Č. 4 (1997/98), s. 7 
850 |a Slovenská národná knižnica v Martine 
852 |a SNK  |b KIS3GCP 
958 |a SK 
958 |a LX 
958 |a RBX 
999 |c 2561621  |d 2563551